Т. 1: Механика; Общий курс физики

Podrobná bibliografie
Parent link:Общий курс физики: учебное пособие для вузов/ Д. В. Сивухин. Т. 1: Механика.— , 1979-
Jazyk:ruština
Vydáno: 1979
Vydání:2-е изд., испр.
Témata:
Médium: Kniha
KOHA link:https://koha.lib.tpu.ru/cgi-bin/koha/opac-detail.pl?biblionumber=377475

MARC

LEADER 00000nam2a2200000 4500
001 377475
005 20231102012923.0
035 |a (RuTPU)RU\TPU\retro\34926 
035 |a RU\TPU\book\55379 
090 |a 377475 
100 |a 20230314d1979 m y0rusy50 ca 
101 0 |a rus 
102 |a RU 
105 |a a j 001zy 
200 0 |a Т. 1: Механика 
205 |a 2-е изд., испр. 
210 |d 1979 
215 |a 519 с.  |c ил. 
320 |a Предметно-именной указатель: с. 514-519 
461 1 |0 (RuTPU)RU\TPU\book\55378  |t Общий курс физики  |o учебное пособие для вузов  |f Д. В. Сивухин  |v Т. 1: Механика  |d 1979- 
606 1 |a Физика  |2 stltpush  |3 (RuTPU)RU\TPU\subj\63709  |9 80688 
606 1 |a Механика  |2 stltpush  |3 (RuTPU)RU\TPU\subj\67812  |9 83462 
610 1 |a кинематика 
610 1 |a законы Ньютона 
610 1 |a применение 
610 1 |a работа 
610 1 |a энергия 
610 1 |a движение 
610 1 |a гармонические колебания 
610 1 |a твердые тела 
610 1 |a тяготение 
610 1 |a системы отсчета 
610 1 |a упругие тела 
610 1 |a подобие 
610 1 |a размерность 
610 1 |a жидкости 
610 1 |a газы 
610 1 |a учебные пособия 
675 |a 53(075.8)  |v 3 
675 |a 531(075.8)  |v 3 
801 1 |a RU  |b 63413507  |c 20030606  |g PSBO 
801 2 |a RU  |b 63413507  |c 20230314  |g PSBO 
942 |c BK